| 000 | 00604nam a22001697a 4500 | ||
|---|---|---|---|
| 003 | NUST | ||
| 038 | _aNusrat Nadeem | ||
| 082 | _a200 | ||
| 100 |
_aBashir, Muhammad Jawad _9120316 |
||
| 245 |
_aGreen gram (Mongbean) crop health monitoring, leaf segmentation and disease classification using Deep Learning/ _cMuhammad Jawad Bashir, |
||
| 264 |
_aIslamabad, _c2023. _bSEECS NUST; |
||
| 300 |
_aill: _b125,p: _c30,cm. |
||
| 650 |
_aMS- Data Science _9123017 |
||
| 700 |
_aSupervisor: Prof. Dr. Rafia Mumtaz _9120317 |
||
| 856 | _uhttp://10.250.8.41:8080/xmlui/handle/123456789/441283 | ||
| 942 |
_2ddc _cSC |
||
| 999 |
_c607675 _d607675 |
||